000 00296 a2200109 4500
001 ART_10790
005 20260410161853.0
008 260409a
245 1 0 _aUNASUR
100 1 _aRey, Sebastián Alejandro
773 0 _tDerecho público
_g- Año I, Nº 1 (mayo 2012)
_wREV10451
999 _c25209
_d25209